书目信息 |
| 题名: |
相似与模化
|
|
| 作者: | 李之光 编著 | |
| 分册: | ||
| 出版信息: | 北京 国防工业出版社 1982 |
|
| 页数: | 297页 | |
| 开本: | 21cm | |
| 丛书名: | ||
| 单 册: | ||
| 中图分类: | N032 | |
| 科图分类: | ||
| 主题词: | 相似理论--应用 , 模拟理论--应用 | |
| 电子资源: | ||
| ISBN: | ||
| 000 | 00625nam0 2200241 45 | |
| 001 | 0182001370 | |
| 005 | 20060814145514.57 | |
| 010 | @dCNY1.20 | |
| 091 | @a15034.2384 | |
| 100 | @a19950608d1982 emky0chiy0121 ea | |
| 101 | 0 | @achi |
| 102 | @aCN@b110000 | |
| 105 | @ay z 000yy | |
| 200 | 10 | @a相似与模化@Axiang si yu mo hua@e理论及应用@f李之光编著 |
| 210 | @a北京@c国防工业出版社@d1982 | |
| 215 | @a297页@d21cm | |
| 606 | @a相似理论@x应用 | |
| 606 | @a模拟理论@x应用 | |
| 690 | @aN032@v3 | |
| 701 | 0 | @a李之光@Ali zhi guang@4编著 |
| 801 | 2 | @aCN@bNLC@c20060814 |
| 801 | 0 | @aCN@bTSSF |
| 905 | @a10447@dN032@e139 | |
| 相似与模化:理论及应用/李之光编著.-北京:国防工业出版社,1982 |
| 297页;21cm |
| ISBN :CNY1.20 |
| ● |
| 相关链接 |
|
|
|
|
正题名:相似与模化
索取号:N032/139
 
预约/预借
| 序号 | 登录号 | 条形码 | 馆藏地/架位号 | 状态 | 备注 |
| 1 | 0458193 | 204581933 | 密集书库/ [索取号:N032/139] | 在馆 | |
| 2 | 0458194 | 204581942 | 密集书库/ [索取号:N032/139] | 在馆 | |
| 3 | 0458195 | 204581951 | 密集书库/ [索取号:N032/139] | 在馆 |